MLB: Top 50 Active Players: Games - Statistics

General Stats
  • This quiz has been taken 115 times
    11 since last reset
  • The average score is 31 of 50
Answer Stats
# Player Games % Correct
37 Matt Olson 1,241
100%
1 Andrew McCutchen 2,273
90%
8 Bryce Harper 1,802
90%
6 Manny Machado 1,910
90%
4 Paul Goldschmidt 2,080
90%
33 Carlos Correa 1,268
80%
2 Carlos Santana 2,212
80%
48 Corey Seager 1,148
80%
3 Freddie Freeman 2,196
80%
22 George Springer 1,459
80%
5 Jose Altuve 1,994
80%
27 Kyle Schwarber 1,308
80%
T14 Marcus Semien 1,647
80%
13 Mike Trout 1,665
80%
20 Mookie Betts 1,539
80%
7 Nolan Arenado 1,803
80%
31 Trea Turner 1,283
80%
T43 Aaron Judge 1,162
70%
T35 Alex Bregman 1,242
70%
9 Giancarlo Stanton 1,742
70%
17 José Ramírez 1,627
70%
29 Josh Bell 1,305
70%
34 Ketel Marte 1,247
70%
18 Marcell Ozuna 1,616
70%
42 Matt Chapman 1,167
70%
10 Salvador Perez 1,724
70%
21 Starling Marte 1,535
70%
12 Xander Bogaerts 1,682
70%
T40 Anthony Rendon 1,173
60%
16 Christian Yelich 1,631
60%
T14 Eugenio Suárez 1,647
60%
19 Francisco Lindor 1,553
60%
46 Rafael Devers 1,160
60%
T43 Andrew Benintendi 1,162
50%
T40 Cody Bellinger 1,173
50%
32 Enrique Hernandez 1,275
50%
26 Javier Báez 1,360
50%
11 Nick Castellanos 1,700
50%
50 Teoscar Hernández 1,114
50%
T35 Tommy Pham 1,242
50%
23 J.T. Realmuto 1,386
40%
25 Randal Grichuk 1,370
40%
30 Dansby Swanson 1,299
30%
24 Joc Pederson 1,383
30%
38 Adam Frazier 1,210
20%
49 Chris Taylor 1,123
20%
47 Ian Happ 1,154
20%
T43 Michael Conforto 1,162
20%
28 Miguel Rojas 1,307
20%
39 Jurickson Profar 1,199
10%
No matching quizzes found
Score Distribution
Percent of People with Each Score
Percentile by Number Answered
Your Score History
You have not taken this quiz since the last reset